|
|
|
|
| LEADER |
00000nkmaa2200000 a 4500 |
| 001 |
vtls011600643 |
| 003 |
SK-MaSNL |
| 005 |
20260331210652.0 |
| 007 |
kh bo |
| 008 |
230802e1991 xo | |||0 k|slo |
| 035 |
|
|
|a 88750784-5A4E-46D7-8DB8-D136C696C8CB
|
| 035 |
|
|
|a urn:nbn:sk:snk-km3m1s9
|
| 035 |
|
|
|a urn:nbn:sk:snk-km00e4nu
|
| 040 |
|
|
|a SNKLA
|b slo
|c SNKLA
|e AACR2
|
| 041 |
0 |
|
|a slo
|
| 044 |
|
|
|a xo
|c SK
|
| 100 |
1 |
|
|a Rusnáková, Helena,
|d 1954-
|4 pht
|9 39158
|
| 245 |
1 |
0 |
|a [Slávnosť 75. výročia úmrtia Svetozára Hurbana Vajanského v Bratislave]
|h grafika
|
| 260 |
|
|
|a [S.l.
|b s.n.]
|c 1991
|
| 300 |
|
|
|a 1 fotografia
|b čb
|c 12 x 18 cm
|
| 520 |
2 |
|
|a Zobrazenie: Konferencia o živote a diele Svetozára Hurbana Vajanského konaná pri príležitosti 75. výročia úmrtia v Bratislave, 10. - 11.9.1991. Na obr.: účastníci konferencie; zľava Ivan Kusý, Michal Kocák, Milan Jurčo, Pavol Vongrej, Štefan Drug.
|
| 600 |
1 |
7 |
|a Vajanský, Svetozár Hurban,
|d 1847-1916
|2 SNKMA
|9 110614
|
| 600 |
1 |
7 |
|a Kusý, Ivan,
|d 1921-2000
|2 SNKMA
|9 104521
|
| 600 |
1 |
7 |
|a Kocák, Michal,
|d 1934-2024
|2 SNKMA
|9 106985
|
| 600 |
1 |
7 |
|a Jurčo, Milan,
|d 1931-2012
|2 SNKMA
|9 155221
|
| 600 |
1 |
7 |
|a Vongrej, Pavol,
|d 1935-2001
|2 SNKMA
|9 5970
|
| 600 |
1 |
7 |
|a Drug, Štefan,
|d 1931-2011
|2 SNKMA
|9 169513
|
| 611 |
2 |
7 |
|a slávnosť 75. výročia úmrtia Svetozára Hurbana Vajanského
|d 1991
|c Bratislava, Slovensko
|9 345132
|
| 650 |
0 |
7 |
|a konferencie
|2 SNKPH
|9 19221
|
| 651 |
|
7 |
|a Bratislava (Slovensko)
|2 SNKPH
|9 14568
|
| 655 |
|
7 |
|a fotografie
|2 SNKPH
|9 70713
|
| 852 |
|
|
|a Slovenská národná knižnica
|b Literárny archív
|
| 852 |
7 |
|
|a Slovenská národná knižnica
|b Literárny archív
|
| 958 |
|
|
|a ZO
|
| 958 |
|
|
|a BLA
|
| 999 |
|
|
|c 1192011
|d 1193941
|
| 952 |
|
|
|a SNKLA
|b SNKLA
|c SNKLA_DEP
|y NEVYP
|7 0
|p 17A1008422
|o snkK 23/245
|i snkLA 914/1993
|0 0
|1 0
|4 0
|d 2016-12-20
|f 1
|l 0
|r 2026-02-24 22:15:04
|w 2026-02-24
|